Most Streamed Song that Starts with each letter - Statistics

General Stats
  • This quiz has been taken 52 times
    19 since last reset
  • The average score is 17 of 26
Answer Stats
Letter Artist(s) Answer % Correct
B The Weeknd Blinding Lights
100%
D Tones And I Dance Monkey
100%
G Drake Gods Plan
93%
S Ed Sheeran Shape of You
93%
W Harry Styles Watermelon Sugar
93%
A Harry Styles As It Was
86%
V Coldplay Viva La Vida
79%
Y Coldplay Yellow
79%
C The Chainsmokers, Halsey Closer
71%
F Miley Cyrus Flowers
71%
J Bruno Mars Just the Way You Are
71%
P Ed Sheeran Perfect
71%
R Post Malone, 21 Savage Rockstar
71%
H Glass Animals Heat Waves
64%
O Drake, Wizkid, Kyla One Dance
64%
K SZA Kill Bill
57%
L Billie Eilish, Khalid Lovely
57%
M The Killers Mr Brightside
57%
N J. Cole No Role Modelz
57%
T Hozier Take Me to Church
57%
E The Police Every Breath You Take
50%
Z The Cranberries Zombie
50%
U French Montana, Swae Lee Unforgettable
36%
X Lil Uzi Vert XO Tour Llif3
36%
I Arctic Monkeys I Wanna Be Yours
29%
Q Bizzarap, Quevedo Quevedo Bzrp Music Sessions Vol 52
14%
No matching quizzes found
Score Distribution
Percent of People with Each Score
Percentile by Number Answered
Your Score History
You have not taken this quiz since the last reset